00426cam a2200157ua 45000010005000000080039000050400009000440820008000531000031000612450054000922500009001462600034001553000017001896530014002066530048002202903110915n ii |||gr||||Z||||||asm cMAIN a9201 aNath, Rati Mohan,eAuthor.11aKalaratna Dr. Bhupen Hazarikacby Rati Mohan Nath a1st. aNagaon:bBhuyan brothers,986. a296p:c23cm. aBiography aBiograpghy of Kalaratna Dr. Bhupen Hazarika